000 00296nam a22001217a 4500
008 180604b xxu||||| |||| 00| 0 eng d
041 _aeng
080 _a043.3
100 _a0
101 _aSHKI-BTH
245 _aMenaxhimi dhe zhvillimi i projekteve ne sistemet ECM
_cJakupi,R
942 _2udc
_cBK
999 _c46287
_d46287